| 000 | 01865cam a2200397 a 4500 | ||
|---|---|---|---|
| 001 | 11829130 | ||
| 003 | EG-ScBUE | ||
| 005 | 20250303104303.0 | ||
| 008 | 991101t2009 nyua f 001 0 eng d | ||
| 020 | _a9780071544252 | ||
| 020 | _a0071544259 | ||
| 040 |
_aEG-ScBUE _beng _erda _cEG-ScBUE _dEG-ScBUE |
||
| 082 | 0 | 4 |
_a519.2076 _222 _bSPI |
| 100 | 1 |
_92617 _aSpiegel, Murray R., _eauthor. |
|
| 245 | 1 | 0 |
_aProbability and statistics / _cMurray R. Spiegel, Ph.D., Former Professor and Chairman of Mathematics, Rensselaer Polytechnic Institute, Harford Graduate Center, John J. Schiller, Ph.D., Associate Professor of Mathematics, Temple University, R. Alu Srinivasan, Professor of Mathematics, Temple University. |
| 250 | _aThird edition. | ||
| 264 | 1 |
_aNew York : _bMcGraw-Hill, _c[2009] |
|
| 264 | 4 | _cc2009 | |
| 300 |
_avii, 424 pages : _billustrations ; _c28 cm. |
||
| 336 |
_2rdacontent _atext _btxt |
||
| 337 |
_aunmediated _2rdamedia _bn |
||
| 338 |
_avolume _bnc _2rdacarrier |
||
| 490 | 0 | _aSchaum's outline series | |
| 500 | _aIncludes index. | ||
| 500 | _aIncludes appendix. | ||
| 650 | 7 |
_aProbabilities _vProblems, exercises, etc. _941266 _2BUEsh |
|
| 650 | 7 |
_aMathematical statistics _vProblems, exercises, etc. _941268 _2BUEsh |
|
| 655 | _vReading book | ||
| 700 | 1 |
_aSrinivasan, R. Alu, _92620 _eauthor. |
|
| 700 | 1 |
_aSchiller, John J. _92621 _eauthor. |
|
| 856 | 4 | 2 |
_3Contributor biographical information _uhttp://www.loc.gov/catdir/bios/mh041/99057177.html |
| 856 | 4 | 2 |
_3Publisher description _uhttp://www.loc.gov/catdir/description/mh021/99057177.html |
| 856 | 4 | 1 |
_3Table of contents _uhttp://www.loc.gov/catdir/toc/mh021/99057177.html |
| 942 |
_2ddc _cBB |
||
| 999 |
_c11087 _d11087 |
||